| 000 | 00971nam a2200229 a 4500 | ||
|---|---|---|---|
| 001 | 000951258 | ||
| 003 | AM-YeHGA | ||
| 005 | 20250617145906.0 | ||
| 008 | 130312s1954 ||||||||||||||||||||rus|c | ||
| 040 | _aAM-YeHGA | ||
| 041 | 0 | _arus | |
| 245 | 0 | 0 |
_aКрестьянская война под предводительством Степана Разина : _bСб. документов. / _cСост. Е.А. Швецова ; Ин-т истории АН СССР. |
| 260 |
_aМосква : _bИзд. АН СССР, _c1954-. |
||
| 300 |
_aтом : _bил. |
||
| 500 | _aПодстр. примеч. | ||
| 505 | 1 | 0 |
_gТ. 1 (1954; 322 с.) : _t(1666 июнь 1670 гг.); _g Т. 2, Ч. 2 _t(август 1670-январь 1671 гг.) _gТ. 4, доп. (1976; 280 с.) : |
| 600 | 1 | 4 | _aРазин, Степан Тимофеевич |
| 650 | 1 | 4 | _aКрестьянская война |
| 710 | 2 | _aИн-т истории АН СССР | |
| 942 |
_2udc _cBK |
||
| 090 | _c321905 | ||
| 999 |
_c320170 _d320170 |
||